000 00468nam a22001817a 4500
003 NUST - PNEC
005 20170116180926.0
008 150905b xxu||||| |||| 00| 0 eng d
020 _a-
040 _cLIBARARY
082 _a621.3 BUC
100 _98020
_aBukingham, H.
245 _aElectro-Technology: For national certificate courses: Vol 2
_cH. Bukingham
250 _aVol 2
260 _cc.1956
650 _98023
_aElectro-Technology
_xEE
942 _2ddc
_cBK
999 _c65772
_d65772